000 00786nam a2200253 i 4500
001 bg
100 1 _aJAKUBECKI, Andrzej
245 1 0 _aPrawo upadłościowe i naprawcze /
_cAndrzej Jakubecki, Feliks Zedler.
260 _aKraków :
_b"Zakamycze",
_c2003.
300 _a1274, [1] s. ;
_c21 cm.
490 1 _aKomentarze Zakamycza
504 _aBibliogr.
650 9 _aUpadłość
_xprawo
_zPolska
_ystan na 2003 r.
700 1 _aZEDLER, Feliks
830 _aKomentarze Zakamycza
020 _a8373331646
040 _cBPK
041 0 _apol
080 _a347.736/.739(438)
920 _a83-7333-164-6
942 _cKS
008 s pl f |000 0 pol
999 _c43319
_d43319
856 _uhttp://koha.tu.koszalin.pl/cgi-bin/koha/opac-detail.pl?biblionumber=43319
_yKatalog online BPK